[Event "Groningen Chess Festival 2007"]
[Site "Groningen NED"]
[Date "2007.12.28"]
[Round "7.17"]
[White "Hoffmann, Ron"]
[Black "Clemens, Adrian HP"]
[Result "0-1"]
[PlyCount "72"]
[EventDate "2007.12.21"]
[EventType "swiss"]
[EventRounds "9"]
[EventCountry "NED"]
[Source "lmi"]
[SourceDate "2007.12.21"]
[WhiteElo "2158"]
[BlackElo "2316"]

1. e4 e5 2. Nf3 d6 3. d4 exd4 4. Nxd4 Nf6 5. Nc3 Be7 6. Be2 O-O 7. O-O Re8 8.
Re1 Bf8 9. Bf1 c6 10. Bg5 Nbd7 11. Nf5 Ne5 12. Ne3 h6 13. Bh4 Ng6 14. Bxf6 Qxf6
15. g3 Ne5 16. f4 Nd7 17. Bg2 Nb6 18. Qd2 Be6 19. b3 a5 20. a4 d5 21. e5 Qg6
22. Bf1 Bc5 23. Bd3 f5 24. Ne2 d4 25. Nd1 Bb4 26. c3 dxc3 27. Qc2 Qh5 28. Nd4
Rad8 29. Nxe6 Rxe6 30. Ne3 Qf3 31. Re2 Bc5 32. Rae1 Nd5 33. Bc4 Nxe3 34. Bxe6+
Kh8 35. Qxc3 Nc4+ 36. Re3 Rd2 0-1

[Event "Groningen Chess Festival 2007"]
[Site "Groningen NED"]
[Date "2007.12.28"]
[Round "7.18"]
[White "Pijpers, Arthur"]
[Black "Cooke, Eric"]
[Result "1-0"]
[PlyCount "107"]
[EventDate "2007.12.21"]
[EventType "swiss"]
[EventRounds "9"]
[EventCountry "NED"]
[Source "lmi"]
[SourceDate "2007.12.21"]
[WhiteElo "2000"]
[BlackElo "2253"]

1. e4 e6 2. d4 d5 3. Nc3 Bb4 4. e5 c5 5. a3 Bxc3+ 6. bxc3 Ne7 7. Qg4 Qc7 8.
Qxg7 Rg8 9. Qxh7 cxd4 10. Ne2 Nbc6 11. f4 Bd7 12. Qd3 dxc3 13. Qxc3 Nf5 14. Rb1
O-O-O 15. Rg1 d4 16. Qd3 f6 17. g4 Nh6 18. Nxd4 Nxd4 19. Qxd4 Bb5 20. Qb4 Bxf1
21. Rxf1 Nxg4 22. Rf3 Qh7 23. Rh3 Rd1+ 24. Kxd1 Nf2+ 25. Ke1 Nxh3 26. Be3 Kb8
27. Qa5 b6 28. Bxb6 Ka8 29. Be3 Rc8 30. Qa4 f5 31. Qb3 Qd7 32. Bc1 Qc6 33. Qxh3
Qh1+ 34. Qf1 Qe4+ 35. Qe2 Qh1+ 36. Kd2 Qd5+ 37. Ke3 Qe4+ 38. Kf2 Rxc2 39. Bd2
Qd4+ 40. Kg3 Rxd2 41. Qf3+ Qd5 42. Qxd5+ Rxd5 43. Rb3 Rd8 44. h4 Rg8+ 45. Kh3
Rg1 46. Rb2 Rh1+ 47. Rh2 Ra1 48. h5 Rxa3+ 49. Kh4 Rb3 50. h6 Rb8 51. h7 a5 52.
Rg2 Ka7 53. Rg8 Rb7 54. h8=Q 1-0

[Event "Groningen Chess Festival 2007"]
[Site "Groningen NED"]
[Date "2007.12.28"]
[Round "7.19"]
[White "Van Kampen, Robin Oscar"]
[Black "Kamali, Mehran"]
[Result "1-0"]
[PlyCount "60"]
[EventDate "2007.12.21"]
[EventType "swiss"]
[EventRounds "9"]
[EventCountry "NED"]
[Source "lmi"]
[SourceDate "2007.12.21"]
[WhiteElo "2252"]
[BlackElo "1988"]

1. e4 c5 2. Nf3 d6 3. d4 cxd4 4. Nxd4 Nf6 5. Nc3 a6 6. Bc4 e6 7. O-O b5 8. Bb3
Bb7 9. Bg5 Nc6 10. Nxc6 Bxc6 11. Qe2 Be7 12. Rad1 Qc7 13. Bxf6 gxf6 14. Qh5 b4
15. Ne2 Bxe4 16. Bxe6 Bg6 17. Qf3 Rb8 18. Bd5 O-O 19. Nd4 Rfe8 20. h4 h5 21.
Rd2 Bf8 22. Qxf6 Kh7 23. Nf3 Bh6 24. Ng5+ Bxg5 25. hxg5 Re5 26. Bb3 Rb6 27. f4
Qc5+ 28. Kh2 Rf5 29. Qe7 h4 30. Qf8 Rxf4 1-0

[Event "Groningen Chess Festival 2007"]
[Site "Groningen NED"]
[Date "2007.12.28"]
[Round "7.20"]
[White "Pham, Toan Thanh"]
[Black "Kuipers, Stefan"]
[Result "0-1"]
[PlyCount "74"]
[EventDate "2007.12.21"]
[EventType "swiss"]
[EventRounds "9"]
[EventCountry "NED"]
[Source "lmi"]
[SourceDate "2007.12.21"]
[WhiteElo "2100"]
[BlackElo "2283"]

1. e4 c5 2. Nf3 Nc6 3. d4 cxd4 4. Nxd4 Nf6 5. Nc3 e5 6. Ndb5 d6 7. Bg5 a6 8.
Na3 b5 9. Bxf6 gxf6 10. Nd5 f5 11. c3 Bg7 12. exf5 Bxf5 13. Nc2 O-O 14. Nce3
Be6 15. Bd3 f5 16. O-O Ra7 17. a4 Ne7 18. Nxe7+ Rxe7 19. axb5 axb5 20. Bxf5
Rxf5 21. Nxf5 Bxf5 22. Qf3 Qd7 23. Ra8+ Bf8 24. Rfa1 Rf7 25. Rb8 Bg6 26. Qg3
Qf5 27. h4 Qd3 28. Qg4 Qc4 29. Qg3 Qe2 30. f3 Qxb2 31. Rd1 Qxc3 32. h5 Qc5+ 33.
Kh1 Rf5 34. hxg6 Rh5+ 35. Qh2 Rxh2+ 36. Kxh2 d5 37. gxh7+ Kxh7 0-1

[Event "Groningen Chess Festival 2007"]
[Site "Groningen NED"]
[Date "2007.12.28"]
[Round "7.22"]
[White "Kleijn, Christov"]
[Black "Kuling, Lody"]
[Result "0-1"]
[PlyCount "90"]
[EventDate "2007.12.21"]
[EventType "swiss"]
[EventRounds "9"]
[EventCountry "NED"]
[Source "lmi"]
[SourceDate "2007.12.21"]
[WhiteElo "2210"]
[BlackElo "2213"]

1. e4 c5 2. Nf3 d6 3. d4 cxd4 4. Nxd4 Nf6 5. Nc3 a6 6. Bg5 Nbd7 7. f4 Qc7 8.
Qf3 h6 9. Bh4 e5 10. Nf5 exf4 11. Bxf6 Nxf6 12. Qxf4 Bxf5 13. exf5 Be7 14. Qa4+
Nd7 15. Bb5 O-O 16. Bxd7 b5 17. Qg4 Qxd7 18. Nd5 Rac8 19. O-O Rc4 20. Qf3 Bg5
21. c3 Re8 22. Rae1 Re5 23. g3 Qc6 24. Rd1 Rce4 25. Nb4 Qb6+ 26. Kh1 a5 27. Nd5
Qc6 28. Rd4 Rxd4 29. Ne7+ Bxe7 30. Qxc6 Rd2 31. b4 axb4 32. cxb4 Ree2 33. f6
Bxf6 34. Qc8+ Kh7 35. Qf5+ g6 36. Qh3 Kg7 37. a3 d5 38. Rc1 Bg5 39. Rf1 d4 40.
Ra1 d3 41. Rf1 Bf6 42. Rc1 Bg5 43. Rf1 Rc2 44. Rd1 d2 45. Qf1 Re1 0-1

[Event "Groningen Chess Festival 2007"]
[Site "Groningen NED"]
[Date "2007.12.28"]
[Round "7.23"]
[White "Cako, Laszlo"]
[Black "Goudriaan, Etienne"]
[Result "1-0"]
[PlyCount "79"]
[EventDate "2007.12.21"]
[EventType "swiss"]
[EventRounds "9"]
[EventCountry "NED"]
[Source "lmi"]
[SourceDate "2007.12.21"]
[WhiteElo "2168"]
[BlackElo "2123"]

1. e4 c5 2. Nf3 d6 3. d4 cxd4 4. Nxd4 Nf6 5. Nc3 a6 6. Bd3 e5 7. Nf5 Bxf5 8.
exf5 d5 9. O-O Be7 10. Re1 Nc6 11. Bg5 O-O 12. Bf1 d4 13. Bxf6 Bxf6 14. Ne4 Rc8
15. a3 Nb8 16. Bd3 Nd7 17. b4 Be7 18. Qf3 f6 19. Nd2 Rc7 20. Bc4+ Kh8 21. Re4
Re8 22. Qh5 Rxc4 23. Nxc4 Nf8 24. Qf7 g5 25. h4 Nd7 26. hxg5 Rf8 27. Qd5 b5 28.
Na5 fxg5 29. Nc6 Qe8 30. Nxe7 Qxe7 31. Qxd4 Rxf5 32. Rd1 Nf6 33. Qd8+ Qxd8 34.
Rxd8+ Kg7 35. Re2 e4 36. Rd6 Ng4 37. Rxe4 Nxf2 38. Re7+ Kf8 39. Rxh7 Ne4 40.
Rd8# 1-0

[Event "Groningen Chess Festival 2007"]
[Site "Groningen NED"]
[Date "2007.12.28"]
[Round "7.24"]
[White "Wielenga, Wiebe"]
[Black "Kodentsov, Grisja"]
[Result "0-1"]
[PlyCount "56"]
[EventDate "2007.12.21"]
[EventType "swiss"]
[EventRounds "9"]
[EventCountry "NED"]
[Source "lmi"]
[SourceDate "2007.12.21"]
[WhiteElo "2118"]
[BlackElo "2307"]

1. e4 e5 2. Nf3 Nc6 3. Nc3 Nf6 4. g3 d5 5. exd5 Nxd5 6. Bg2 Nxc3 7. bxc3 Bd6 8.
O-O O-O 9. d3 h6 10. Rb1 Rb8 11. Re1 Bg4 12. h3 Bd7 13. Bd2 b5 14. d4 Re8 15.
Qc1 Qf6 16. Be3 a6 17. d5 Na5 18. Nd2 Qg6 19. Ne4 Nc4 20. Nc5 Bf5 21. Re2 h5
22. a4 bxa4 23. Ra1 a3 24. Nxa6 Rb2 25. Nb4 Bxb4 26. cxb4 Bxc2 27. Re1 Bd3 28.
Rxa3 Rb1 0-1

[Event "Groningen Chess Festival 2007"]
[Site "Groningen NED"]
[Date "2007.12.29"]
[Round "8.4"]
[White "Banikas, Hristos"]
[Black "Simutowe, Amon"]
[Result "1-0"]
[PlyCount "87"]
[EventDate "2007.12.21"]
[EventType "swiss"]
[EventRounds "9"]
[EventCountry "NED"]
[Source "lmi"]
[SourceDate "2007.12.21"]
[WhiteElo "2591"]
[BlackElo "2446"]

1. d4 Nf6 2. c4 e6 3. Nc3 Bb4 4. Qc2 Nc6 5. e3 O-O 6. Bd2 b6 7. Bd3 d5 8. cxd5
exd5 9. Nge2 Re8 10. f3 Bb7 11. g4 Bf8 12. a3 g6 13. h4 Na5 14. h5 g5 15. h6 c5
16. Kf2 c4 17. Bf5 Nb3 18. Rae1 Bd6 19. Qd1 Bc6 20. Bc2 Nxd2 21. Qxd2 Kh8 22.
Ng3 b5 23. Nf5 a5 24. Nxd6 Qxd6 25. Ne2 b4 26. Qc1 Bd7 27. Ng3 Rac8 28. axb4
Qxb4 29. e4 c3 30. Ne2 Qe7 31. Nxc3 dxe4 32. Bxe4 Qb4 33. Qd2 a4 34. Kg2 Nxe4
35. fxe4 Rc6 36. Qf2 f6 37. Nd5 Qb3 38. Rh3 Qb8 39. Nxf6 Rf8 40. Rf3 Bc8 41. d5
Rb6 42. Re2 Ba6 43. Rd2 Qc8 44. Qxb6 1-0

[Event "Groningen Chess Festival 2007"]
[Site "Groningen NED"]
[Date "2007.12.29"]
[Round "8.5"]
[White "De Jong, Migchiel"]
[Black "Halkias, Stelios"]
[Result "0-1"]
[PlyCount "110"]
[EventDate "2007.12.21"]
[EventType "swiss"]
[EventRounds "9"]
[EventCountry "NED"]
[Source "lmi"]
[SourceDate "2007.12.21"]
[WhiteElo "2341"]
[BlackElo "2589"]

1. e4 e5 2. Nf3 Nc6 3. Bb5 a6 4. Ba4 Nf6 5. O-O b5 6. Bb3 Bc5 7. d3 h6 8. Bd5
Qe7 9. Be3 Bb7 10. Nc3 d6 11. a4 b4 12. Ne2 O-O 13. Bxc6 Bxc6 14. Bxc5 dxc5 15.
Nd2 Rad8 16. Ng3 g6 17. Qe2 h5 18. Nc4 h4 19. Nh1 Nh5 20. g3 f5 21. f3 Rde8 22.
Qd2 hxg3 23. hxg3 f4 24. g4 Nf6 25. Nf2 Nh7 26. Nh3 Qh4 27. Qh2 Kg7 28. Kg2 Rh8
29. Rh1 Ng5 30. Nxg5 Qxg5 31. Qg1 Rxh1 32. Qxh1 Rh8 33. Qe1 Qh6 34. Qh1 Qg5 35.
Qe1 Bd7 36. Qe2 Qh4 37. Rg1 Qh2+ 38. Kf1 Qxe2+ 39. Kxe2 Rh2+ 40. Kd1 Bxa4 41.
b3 Bb5 42. Nxe5 Kf6 43. Nc4 Bxc4 44. dxc4 Ke5 45. Kc1 Rf2 46. Rd1 Rxf3 47. Rd5+
Kxe4 48. g5 Rg3 49. Rxc5 f3 50. Kd2 Rg2+ 51. Ke1 Rxc2 52. Rxc7 Kf4 53. Rf7+ Kg3
54. Rf6 f2+ 55. Kd1 Rb2 0-1

[Event "Groningen Chess Festival 2007"]
[Site "Groningen NED"]
[Date "2007.12.29"]
[Round "8.6"]
[White "Lobzhanidze, Davit"]
[Black "Spoelman, Wouter"]
[Result "1-0"]
[PlyCount "51"]
[EventDate "2007.12.21"]
[EventType "swiss"]
[EventRounds "9"]
[EventCountry "NED"]
[Source "lmi"]
[SourceDate "2007.12.21"]
[WhiteElo "2489"]
[BlackElo "2445"]

1. e4 c5 2. Nf3 d6 3. d4 cxd4 4. Nxd4 Nf6 5. Nc3 a6 6. Be3 e5 7. Nf3 Be7 8. Bc4
O-O 9. O-O Nc6 10. Qe2 Na5 11. Bd5 Bd7 12. Rfd1 Rc8 13. a4 h6 14. h3 Re8 15.
Nh2 Qc7 16. Ng4 Nxd5 17. Nxd5 Qxc2 18. Qf3 f6 19. Nxh6+ Kh7 20. Nf5 Bxf5 21.
Qxf5+ g6 22. Qe6 Kg7 23. Rac1 Qxa4 24. Rxc8 Qxd1+ 25. Kh2 Rxc8 26. Qxe7+ 1-0

[Event "Groningen Chess Festival 2007"]
[Site "Groningen NED"]
[Date "2007.12.29"]
[Round "8.9"]
[White "Pruijssers, Roeland"]
[Black "Hovenga, Alje"]
[Result "1/2-1/2"]
[PlyCount "167"]
[EventDate "2007.12.21"]
[EventType "swiss"]
[EventRounds "9"]
[EventCountry "NED"]
[Source "lmi"]
[SourceDate "2007.12.21"]
[WhiteElo "2408"]
[BlackElo "2186"]

1. e4 c6 2. d4 d5 3. Nc3 dxe4 4. Nxe4 Nd7 5. Ng5 Ngf6 6. Bd3 e6 7. N1f3 Bd6 8.
Qe2 h6 9. Ne4 Nxe4 10. Qxe4 Qc7 11. O-O b6 12. Qg4 g5 13. Qh3 Rg8 14. Re1 g4
15. Qxh6 gxf3 16. Rxe6+ fxe6 17. Qxe6+ Be7 18. Qxg8+ Nf8 19. Bc4 Qd6 20. Qf7+
Kd8 21. Qxf3 Qf6 22. Qxf6 Bxf6 23. Bh6 Be6 24. Bd3 Ke7 25. c3 Rd8 26. Re1 Kf7
27. Bxf8 Rxf8 28. Bg6+ Kxg6 29. Rxe6 Rc8 30. g4 Kf7 31. Re4 c5 32. dxc5 Rxc5
33. f4 Rb5 34. Re2 Ra5 35. a3 Ra4 36. Rf2 Bh4 37. Rf3 Re4 38. b3 Re2 39. Rd3
Ke6 40. Rh3 Be7 41. a4 Bc5+ 42. Kh1 a5 43. b4 axb4 44. cxb4 Bxb4 45. Rh6+ Kd5
46. Rxb6 Bd6 47. a5 Bxf4 48. a6 Rxh2+ 49. Kg1 Ra2 50. Rb4 Ke5 51. Kf1 Rxa6 52.
Ke2 Ra2+ 53. Kf3 Ra3+ 54. Kf2 Be3+ 55. Kg2 Bd4 56. g5 Ke4 57. Rb5 Be5 58. g6
Rg3+ 59. Kf2 Rxg6 60. Rb7 Bd4+ 61. Ke2 Rg2+ 62. Kf1 Rh2 63. Re7+ Kd3 64. Re8
Rf2+ 65. Ke1 Rg2 66. Rf8 Rg1+ 67. Rf1 Rg5 68. Rf8 Rg2 69. Rf7 Ra2 70. Kf1 Be3
71. Rd7+ Ke4 72. Rf7 Bf4 73. Ke1 Kf3 74. Kd1 Rd2+ 75. Ke1 Rd5 76. Rf8 Re5+ 77.
Kf1 Rh5 78. Rg8 Rh1+ 79. Rg1 Rh2 80. Rg8 Bd6 81. Rg7 Ra2 82. Rf7+ Ke3 83. Rf6
Be5 84. Re6 1/2-1/2

[Event "Groningen Chess Festival 2007"]
[Site "Groningen NED"]
[Date "2007.12.29"]
[Round "8.11"]
[White "Skatchkov, Pavel"]
[Black "Otte, Marijn"]
[Result "1/2-1/2"]
[PlyCount "39"]
[EventDate "2007.12.21"]
[EventType "swiss"]
[EventRounds "9"]
[EventCountry "NED"]
[Source "lmi"]
[SourceDate "2007.12.21"]
[WhiteElo "2509"]
[BlackElo "2155"]

1. d4 Nf6 2. Nf3 g6 3. g3 Bg7 4. Bg2 O-O 5. O-O d5 6. c4 c6 7. b3 a5 8. Nc3 Ne4
9. Bb2 Bf5 10. Ne5 Nxc3 11. Bxc3 Bxe5 12. dxe5 dxc4 13. Qc1 Nd7 14. bxc4 Qc7
15. Qh6 Nc5 16. Qe3 Na4 17. Bd2 Rfd8 18. Rac1 Qd7 19. Be1 Qd4 20. Qg5 1/2-1/2

[Event "Groningen Chess Festival 2007"]
[Site "Groningen NED"]
[Date "2007.12.29"]
[Round "8.12"]
[White "Van Oosterom, Chiel"]
[Black "Van Kampen, Robin Oscar"]
[Result "1-0"]
[PlyCount "89"]
[EventDate "2007.12.21"]
[EventType "swiss"]
[EventRounds "9"]
[EventCountry "NED"]
[Source "lmi"]
[SourceDate "2007.12.21"]
[WhiteElo "2401"]
[BlackElo "2252"]

1. e4 c5 2. Nf3 d6 3. d4 cxd4 4. Nxd4 Nf6 5. Nc3 Nc6 6. Bc4 Qb6 7. Nxc6 bxc6 8.
O-O g6 9. Qe1 Ng4 10. h3 Ne5 11. Na4 Qd4 12. Bb3 Ba6 13. Bd2 Nd3 14. cxd3 Qxd3
15. Bc3 e5 16. f4 Qxf1+ 17. Qxf1 Bxf1 18. fxe5 Bb5 19. exd6 Rg8 20. Rd1 Rd8 21.
e5 Bh6 22. Bd4 Bxa4 23. Bxa4 Kd7 24. Bb3 Rgf8 25. Bxa7 Bf4 26. Bd4 Rfe8 27. Re1
f6 28. e6+ Kxd6 29. Bxf6 Rb8 30. Rd1+ Kc5 31. Bd4+ Kb5 32. Bc3 Rbd8 33. Re1 Bd6
34. a4+ Kc5 35. Re4 Kb6 36. Kf1 Rf8+ 37. Ke2 Rf4 38. a5+ Kb5 39. Ba4+ Kc5 40.
Bb4+ Kd5 41. Rxf4 Bxf4 42. e7 Rb8 43. Bb3+ Ke4 44. Bf7 Bd6 45. Bxd6 1-0

[Event "Groningen Chess Festival 2007"]
[Site "Groningen NED"]
[Date "2007.12.29"]
[Round "8.13"]
[White "Hoeksema, Hendrik Pieter"]
[Black "Vinke, Andreas"]
[Result "1/2-1/2"]
[PlyCount "112"]
[EventDate "2007.12.21"]
[EventType "swiss"]
[EventRounds "9"]
[EventCountry "NED"]
[Source "lmi"]
[SourceDate "2007.12.21"]
[WhiteElo "2373"]
[BlackElo "2173"]

1. d4 e6 2. c4 Nf6 3. Nc3 Bb4 4. Qc2 O-O 5. Bg5 c5 6. dxc5 Nc6 7. Nf3 Bxc5 8.
Rd1 Ng4 9. e3 Be7 10. Bf4 d6 11. Bxd6 Bxd6 12. c5 Nb4 13. Qb3 Nd5 14. cxd6 Qxd6
15. Bc4 Qc7 16. Bxd5 exd5 17. Qxd5 Be6 18. Qd6 Qa5 19. O-O Nf6 20. Nd4 Bc4 21.
Rfe1 Rad8 22. Qf4 Nd5 23. Nxd5 Bxd5 24. a3 Qb6 25. b4 Qa6 26. e4 Bc4 27. Qe3
Rfe8 28. Rc1 b5 29. Rcd1 Qf6 30. f4 a6 31. Nf3 h6 32. Ne5 Rxd1 33. Rxd1 Rd8 34.
Rxd8+ Qxd8 35. h3 Qd1+ 36. Kh2 Qc2 37. Nf3 Bf1 38. Ne1 Qd1 39. Kg1 Bc4 40. Kf2
Qd8 41. Nf3 Qd1 42. Nd2 Qc2 43. Kg3 Bd3 44. Kh2 Bc4 45. g4 Bd3 46. Kg3 Bc4 47.
h4 Qd1 48. g5 h5 49. Nf3 Be2 50. Ne5 Qe1+ 51. Qf2 Qc3+ 52. Kh2 Bg4 53. Nxg4
hxg4 54. Qg3 Qd2+ 55. Kg1 Qc1+ 56. Kf2 Qd2+ 1/2-1/2

[Event "Groningen Chess Festival 2007"]
[Site "Groningen NED"]
[Date "2007.12.29"]
[Round "8.14"]
[White "Clemens, Adrian HP"]
[Black "Van den Berg, Harmen"]
[Result "1/2-1/2"]
[PlyCount "121"]
[EventDate "2007.12.21"]
[EventType "swiss"]
[EventRounds "9"]
[EventCountry "NED"]
[Source "lmi"]
[SourceDate "2007.12.21"]
[WhiteElo "2316"]
[BlackElo "2167"]

1. d4 f5 2. Nc3 Nf6 3. Bg5 d5 4. Bxf6 exf6 5. e3 c6 6. Bd3 Na6 7. Qf3 g6 8. a3
Be6 9. Nge2 Qd7 10. Nf4 Bf7 11. Bxa6 bxa6 12. Na4 Bd6 13. Nd3 O-O 14. Nac5 Qc7
15. Nxa6 Qa5+ 16. Nab4 Bxb4+ 17. Nxb4 c5 18. dxc5 Qxc5 19. Qd1 Rac8 20. c3 f4
21. Qd4 Rfe8 22. Qxc5 Rxc5 23. Kd2 fxe3+ 24. fxe3 Rc4 25. Rhf1 Rh4 26. h3 Kg7
27. Nc6 a6 28. Nd4 f5 29. b4 Kf6 30. a4 Be6 31. b5 Bc8 32. bxa6 Bxa6 33. Rfb1
Bc4 34. Rb6+ Kg7 35. a5 Rhe4 36. a6 Rxe3 37. a7 Rg3 38. Rg1 Ra8 39. Rb7+ Kh6
40. Nc6 Re8 41. Re7 Ra8 42. Rb1 Rxg2+ 43. Kd1 d4 44. Rb8 dxc3 45. Nb4 Bb3+ 46.
Ke1 c2 47. Nxc2 Rxa7 48. Rxa7 Bxc2 49. Rb2 Be4 50. Rxg2 Bxg2 51. h4 Be4 52. Kf2
Bc2 53. Kg3 g5 54. hxg5+ Kxg5 55. Rg7+ Kh6 56. Rg8 Bb3 57. Rb8 Bd1 58. Kf4 Bg4
59. Rb6+ Kh5 60. Rb2 Kg6 61. Rb6+ 1/2-1/2

[Event "Groningen Chess Festival 2007"]
[Site "Groningen NED"]
[Date "2007.12.29"]
[Round "8.15"]
[White "Pijpers, Arthur"]
[Black "Ringoir, Tanguy"]
[Result "1-0"]
[PlyCount "105"]
[EventDate "2007.12.21"]
[EventType "swiss"]
[EventRounds "9"]
[EventCountry "NED"]
[Source "lmi"]
[SourceDate "2007.12.21"]
[WhiteElo "2000"]
[BlackElo "2236"]

1. e4 c5 2. Nf3 d6 3. d4 cxd4 4. Nxd4 Nf6 5. Nc3 a6 6. Be3 e5 7. Nb3 Be6 8. Qd2
Nbd7 9. f3 b5 10. a4 b4 11. Nd5 Bxd5 12. exd5 Qc7 13. a5 Be7 14. Ra4 e4 15. f4
O-O 16. Rxb4 Ng4 17. Bb6 Qc8 18. Rxe4 Nxb6 19. Rxe7 Nxd5 20. Qxd5 Qxc2 21. Bd3
Qf2+ 22. Kd1 Qxb2 23. Re2 Qc3 24. h3 Nf6 25. Qc4 Rac8 26. Qxc3 Rxc3 27. Bc2 Nd5
28. Rhe1 Nxf4 29. Rf2 Ne6 30. Rf3 Rcc8 31. Bf5 Rb8 32. Bxe6 fxe6 33. Rxf8+ Kxf8
34. Kc2 e5 35. Kc3 Ke7 36. Nd4 Kd7 37. Nc2 Rc8+ 38. Kb3 Kc6 39. Ka4 d5 40. Rxe5
Kd6 41. Re2 d4 42. Rd2 Ke5 43. Kb3 Rc3+ 44. Kb4 Rc8 45. Nxd4 Ke4 46. Nb3 Ke3
47. Rd7 Rb8+ 48. Ka4 g5 49. Rxh7 Rb5 50. Rh6 Kf2 51. Rxa6 Re5 52. g4 Kg3 53.
Rh6 1-0

[Event "Groningen Chess Festival 2007"]
[Site "Groningen NED"]
[Date "2007.12.29"]
[Round "8.16"]
[White "Kuipers, Stefan"]
[Black "Brandenburg, Daan"]
[Result "1-0"]
[PlyCount "141"]
[EventDate "2007.12.21"]
[EventType "swiss"]
[EventRounds "9"]
[EventCountry "NED"]
[Source "lmi"]
[SourceDate "2007.12.21"]
[WhiteElo "2283"]
[BlackElo "2483"]

1. e4 c5 2. Nf3 d6 3. d4 cxd4 4. Nxd4 Nf6 5. Nc3 e6 6. g4 e5 7. Nf5 h5 8. g5
Nxe4 9. Nxg7+ Bxg7 10. Nxe4 d5 11. Ng3 Nc6 12. Be2 h4 13. Nh5 Kf8 14. Nxg7 Kxg7
15. f4 Qa5+ 16. Qd2 Qc5 17. Qc3 Qb6 18. fxe5 Re8 19. Bf4 Bf5 20. e6+ d4 21. Qb3
Qa5+ 22. Bd2 Qe5 23. Qf3 Qxe6 24. O-O Bxc2 25. Qf4 Bg6 26. Bf3 Ne5 27. Qxd4
Rad8 28. Qf2 Nxf3+ 29. Qxf3 Qb6+ 30. Rf2 Rxd2 31. Qf6+ Qxf6 32. gxf6+ Kh6 33.
Rxd2 Be4 34. Re1 Kg5 35. Rde2 Kf5 36. Rf2+ Kg5 37. h3 Re6 38. Kh2 Bf5 39. Rg1+
Kxf6 40. Rg4 Re3 41. Rxh4 Kg6 42. Rh8 Kg7 43. Rh5 Be6 44. Rg5+ Kf8 45. Rg3 Rxg3
46. Kxg3 Bxa2 47. Rf5 Be6 48. Rg5 b6 49. Kg2 Bc4 50. h4 a5 51. Kf3 a4 52. Ke4
b5 53. Kd4 Be2 54. Kc5 Bd3 55. h5 f5 56. h6 f4 57. Rg4 f3 58. Rf4+ Kg8 59. Rxf3
Bc4 60. Rf6 Kh7 61. Rb6 Bd3 62. Kb4 Be2 63. Rxb5 Kxh6 64. Kxa4 Kg6 65. Re5 Bd1+
66. Ka5 Kf6 67. Re1 Bb3 68. Kb4 Be6 69. Kc5 Ke7 70. Rxe6+ Kxe6 71. Kc6 1-0

[Event "Groningen Chess Festival 2007"]
[Site "Groningen NED"]
[Date "2007.12.29"]
[Round "8.17"]
[White "Geurink, Jasper"]
[Black "Jellema, Yme Jan"]
[Result "1-0"]
[PlyCount "49"]
[EventDate "2007.12.21"]
[EventType "swiss"]
[EventRounds "9"]
[EventCountry "NED"]
[Source "lmi"]
[SourceDate "2007.12.21"]
[WhiteElo "2339"]
[BlackElo "2119"]

1. e4 c6 2. d3 d5 3. Qe2 dxe4 4. dxe4 e5 5. Nf3 Be6 6. Ng5 Nf6 7. Nxe6 fxe6 8.
Nd2 Bc5 9. g3 O-O 10. Bh3 Qe7 11. O-O Nbd7 12. Nb3 Bb6 13. a4 Kh8 14. a5 Bc7
15. Ra4 Qf7 16. Be3 Nh5 17. f3 Qg6 18. Qg2 Rf6 19. Bg4 Nf4 20. gxf4 exf4 21.
Bd4 Ne5 22. Bxe5 Bxe5 23. Kh1 Rd8 24. c3 Qe8 25. Qe2 1-0

[Event "Groningen Chess Festival 2007"]
[Site "Groningen NED"]
[Date "2007.12.29"]
[Round "8.20"]
[White "Cooke, Eric"]
[Black "Kamali, Mehran"]
[Result "0-1"]
[PlyCount "116"]
[EventDate "2007.12.21"]
[EventType "swiss"]
[EventRounds "9"]
[EventCountry "NED"]
[Source "lmi"]
[SourceDate "2007.12.21"]
[WhiteElo "2253"]
[BlackElo "1988"]

1. e4 c5 2. Nf3 d6 3. d4 cxd4 4. Nxd4 Nf6 5. Nc3 a6 6. Bg5 e6 7. f4 Nbd7 8. Qf3
Qc7 9. O-O-O b5 10. Bd3 Bb7 11. Rhe1 Qb6 12. Nb3 b4 13. Ne2 Be7 14. Kb1 O-O 15.
Ng3 a5 16. Nh5 a4 17. Nxf6+ Bxf6 18. Nd2 Bd4 19. Nc4 Qa7 20. Nxd6 b3 21. Bc4
bxc2+ 22. Kxc2 Qb6 23. Nb5 Rac8 24. Rxd4 Qxb5 25. Qc3 Qc5 26. b3 axb3+ 27. axb3
Nb6 28. Re3 Ba6 29. Bh6 e5 30. Rg3 Qxd4 31. Qxd4 exd4 32. Bxg7 h5 33. Bh6+ Kh7
34. Bxf8 Nxc4 35. bxc4 Rxf8 36. Kd3 Rd8 37. Rg5 Bxc4+ 38. Kd2 Kh6 39. Rc5 Bf1
40. g3 Bg2 41. Kd3 Bf1+ 42. Kd2 d3 43. Rc6+ Kg7 44. e5 Ra8 45. Rd6 Ra2+ 46. Ke3
Rxh2 47. f5 Re2+ 48. Kf4 Rf2+ 49. Kg5 Bh3 50. f6+ Kh7 51. Rxd3 Rf5+ 52. Kh4 Bg4
53. Re3 Kh6 54. Re1 Rf2 55. Rh1 Re2 56. e6 Bxe6 57. g4 Re4 58. Kh3 Rxg4 0-1

[Event "Groningen Chess Festival 2007"]
[Site "Groningen NED"]
[Date "2007.12.29"]
[Round "8.22"]
[White "Balje, Jan"]
[Black "Hoffmann, Ron"]
[Result "1/2-1/2"]
[PlyCount "73"]
[EventDate "2007.12.21"]
[EventType "swiss"]
[EventRounds "9"]
[EventCountry "NED"]
[Source "lmi"]
[SourceDate "2007.12.21"]
[WhiteElo "2222"]
[BlackElo "2158"]

1. d4 Nf6 2. c4 g6 3. Nc3 Bg7 4. e4 d6 5. Be2 O-O 6. Bg5 Na6 7. Qd2 e5 8. d5 c6
9. f3 cxd5 10. cxd5 Bd7 11. h4 Qa5 12. Nh3 Rab8 13. g4 b5 14. Nd1 b4 15. Ne3
Bb5 16. Nc4 Bxc4 17. Bxc4 Rfc8 18. Rc1 Nd7 19. O-O Nac5 20. Nf2 f6 21. Be3 f5
22. exf5 gxf5 23. gxf5 Qd8 24. Bg5 Qf8 25. Ne4 h6 26. Be3 Qxf5 27. Qg2 Nxe4 28.
fxe4 Qh5 29. Be2 Qxh4 30. Rxc8+ Rxc8 31. Bg4 Rc7 32. Be6+ Kh8 33. Rf7 Qe1+ 34.
Kh2 Qh4+ 35. Kg1 Qe1+ 36. Kh2 Qh4+ 37. Kg1 1/2-1/2

[Event "Groningen Chess Festival 2007"]
[Site "Groningen NED"]
[Date "2007.12.29"]
[Round "8.23"]
[White "Pham, Toan Thanh"]
[Black "Kleijn, Christov"]
[Result "1-0"]
[PlyCount "85"]
[EventDate "2007.12.21"]
[EventType "swiss"]
[EventRounds "9"]
[EventCountry "NED"]
[Source "lmi"]
[SourceDate "2007.12.21"]
[WhiteElo "2100"]
[BlackElo "2210"]

1. e4 c5 2. Nf3 d6 3. d4 cxd4 4. Nxd4 Nf6 5. Nc3 a6 6. Bg5 e6 7. f4 Be7 8. Qf3
Qc7 9. O-O-O Nbd7 10. Bd3 h6 11. Bh4 g5 12. fxg5 Ne5 13. Qe2 Nfg4 14. h3 hxg5
15. Bg3 Nf6 16. Rhf1 Bd7 17. Kb1 b5 18. a3 Rb8 19. Be1 Nh5 20. g3 Bf6 21. Nb3
Nc4 22. Rxf6 Nxf6 23. Bxc4 bxc4 24. Nd2 Rc8 25. e5 dxe5 26. Nde4 Rh6 27. Nxf6+
Rxf6 28. Ne4 Rf5 29. Bb4 a5 30. Nd6+ Kf8 31. Nb5+ axb4 32. Nxc7 Rxc7 33. Qd2
Rb7 34. axb4 Kg7 35. Qc3 Bc6 36. g4 Rf4 37. Qxe5+ Kg6 38. Qc5 Bd5 39. Qf8 Rf2
40. Qg8+ Kf6 41. Qh8+ Ke7 42. Qg7 Rxb4 43. Qd4 1-0

[Event "Groningen Chess Festival 2007"]
[Site "Groningen NED"]
[Date "2007.12.29"]
[Round "8.24"]
[White "Goudriaan, Etienne"]
[Black "Wielenga, Wiebe"]
[Result "1-0"]
[PlyCount "61"]
[EventDate "2007.12.21"]
[EventType "swiss"]
[EventRounds "9"]
[EventCountry "NED"]
[Source "lmi"]
[SourceDate "2007.12.21"]
[WhiteElo "2123"]
[BlackElo "2118"]

1. e4 e5 2. Nf3 Nc6 3. Bb5 a6 4. Ba4 d6 5. Bxc6+ bxc6 6. d4 f6 7. c3 Be6 8. O-O
a5 9. b3 Qb8 10. Na3 Ne7 11. Be3 Ng6 12. Nc2 Be7 13. Qd2 O-O 14. h4 Rd8 15. h5
Nh8 16. Nh4 d5 17. Nf5 Bf8 18. Qe2 Nf7 19. dxe5 fxe5 20. f4 Bxf5 21. exf5 Qb5
22. c4 dxc4 23. bxc4 Qa4 24. h6 Rab8 25. hxg7 Bxg7 26. f6 Bxf6 27. fxe5 Bxe5
28. Qg4+ Kh8 29. Rac1 Nd6 30. Bd4 Re8 31. Rf8+ 1-0